000 00669nac a22001811u 4500
008 100228t xxu||||| |||| 00| 0 eng d
010 _a2004274094
020 _a8121931649
082 0 4 _a005.43
_b22
_2CHO
100 _aChopra, Rajiv.
_911925
245 1 0 _aOperating systems :
_cRajiv Chopra.
_bA practical approach /
260 _aNew Delhi :
_bS. chand,
_cc.2009.
300 _a495 p. :
_bill. ;
_c24 cm.
500 _aIncludes index.
650 0 _aOperating systems (Computers)
_911926
942 _cBB
_k005.43 CHO
_2ddc
999 _c13514
_d13514